[Event "HUN-chT2 Maroczy 0708"]
[Site "Hungary"]
[Date "2007.12.16"]
[Round "5"]
[White "Kundrak, Gabor"]
[Black "Acs, Gabor"]
[Result "1-0"]
[WhiteElo "2178"]
[BlackElo "2241"]
[PlyCount "57"]
[EventDate "2007.10.14"]
[EventType "team"]
[EventRounds "11"]
[EventCountry "HUN"]
[SourceTitle "EXT 2009"]
[Source "ChessBase"]
[SourceDate "2008.11.26"]
[SourceVersion "1"]
[SourceVersionDate "2008.11.26"]
[SourceQuality "1"]
[WhiteTeam "Sarospatak"]
[BlackTeam "Miskolc EMSE"]
[WhiteTeamCountry "HUN"]
[BlackTeamCountry "HUN"]

1. d4 Nf6 2. c4 e6 3. Nc3 c5 4. d5 exd5 5. cxd5 g6 6. e4 d6 7. Nf3 Bg7 8. h3 0-0 9. Bd3 b5 10. 0-0 a6 11. Bf4 Re8 12. Re1 b4 13. Na4 Bd7 14. Rc1 Bb5 15. g4 h6 16. b3 Bxa4 17. bxa4 Qb6 18. Nd2 Bf8 19. Nc4 Qc7 20. Qd2 g5 21. e5 Nxd5 22. exd6 Rxe1+ 23. Qxe1 Qd8 24. Qe4 Nf6 25. Qxa8 gxf4 26. Rd1 Kg7 27. Bf5 Ng8 28. d7 Be7 29. Nd6 1-0

[Event "HUN-chT2 Maroczy 0708"]
[Site "Hungary"]
[Date "2007.11.25"]
[Round "3"]
[White "Pasztorcsik, Janos"]
[Black "Kundrak, Gabor"]
[Result "1/2-1/2"]
[WhiteElo "2134"]
[BlackElo "2178"]
[PlyCount "26"]
[EventDate "2007.10.14"]
[EventType "team"]
[EventRounds "11"]
[EventCountry "HUN"]
[SourceTitle "EXT 2009"]
[Source "ChessBase"]
[SourceDate "2008.11.26"]
[SourceVersion "1"]
[SourceVersionDate "2008.11.26"]
[SourceQuality "1"]
[WhiteTeam "Oroshaza"]
[BlackTeam "Sarospatak"]
[WhiteTeamCountry "HUN"]
[BlackTeamCountry "HUN"]

1. d4 Nf6 2. Nf3 c5 3. d5 g6 4. Nc3 Bg7 5. e4 0-0 6. Bd3 a6 7. a4 Qc7 8. Qe2 d6 9. h3 Nbd7 10. 0-0 Ne5 11. Nxe5 dxe5 12. Bc4 Nh5 13. Re1 Kh8 1/2-1/2

[Event "HUN-chT2 Maroczy 0607"]
[Site "Hungary"]
[Date "2007.03.25"]
[Round "7"]
[White "Kundrak, Gabor"]
[Black "Forgacs, Jozsef"]
[Result "1/2-1/2"]
[WhiteElo "2197"]
[BlackElo "2243"]
[PlyCount "29"]
[EventDate "2006.11.12"]
[EventType "team"]
[EventRounds "11"]
[EventCountry "HUN"]
[SourceTitle "EXT 2008"]
[Source "ChessBase"]
[SourceDate "2007.11.25"]
[SourceVersion "1"]
[SourceVersionDate "2007.11.25"]
[SourceQuality "1"]
[WhiteTeam "Sarospatak"]
[BlackTeam "Teva"]
[WhiteTeamCountry "HUN"]
[BlackTeamCountry "HUN"]

1. d4 e6 2. c4 f5 3. g3 d5 4. Bg2 c6 5. Nf3 Bd6 6. 0-0 Nf6 7. b3 Qe7 8. a4 b6 9. Ba3 Bxa3 10. Nxa3 0-0 11. Ne5 Bb7 12. Nc2 Na6 13. Qd3 c5 14. Rac1 g6 15. Rfd1 1/2-1/2

[Event "HUN-chT2 Maroczy 0607"]
[Site "Hungary"]
[Date "2007.02.18"]
[Round "5"]
[White "Ritter, Gabor"]
[Black "Kundrak, Gabor"]
[Result "0-1"]
[WhiteElo "2093"]
[BlackElo "2197"]
[PlyCount "56"]
[EventDate "2006.11.12"]
[EventType "team"]
[EventRounds "11"]
[EventCountry "HUN"]
[SourceTitle "EXT 2008"]
[Source "ChessBase"]
[SourceDate "2007.11.25"]
[SourceVersion "1"]
[SourceVersionDate "2007.11.25"]
[SourceQuality "1"]
[WhiteTeam "Vizugy"]
[BlackTeam "Sarospatak"]
[WhiteTeamCountry "HUN"]
[BlackTeamCountry "HUN"]

1. d4 Nf6 2. Nf3 e6 3. e3 b6 4. Bd3 Bb7 5. 0-0 Be7 6. b3 d5 7. Bb2 0-0 8. Nbd2 Nbd7 9. Re1 Ne4 10. c4 f5 11. Qe2 a5 12. Ne5 Nxe5 13. Bxe4 Nxc4 14. Nxc4 fxe4 15. Ne5 Bd6 16. Rec1 Qh4 17. Rc2 Rf5 18. a4 Rg5 19. f4 exf3 20. Nxf3 Qh6 21. Ba3 Ba6 22. Qf2 Bxa3 23. Rxa3 Rf8 24. Rxc7 Rxf3 25. Qxf3 Rf5 26. Rc3 Rxf3 27. gxf3 Qg6+ 28. Kf2 Qb1 0-1

[Event "HUN-chT2 Maroczy 0506"]
[Site "Hungary"]
[Date "2006.02.12"]
[Round "7"]
[White "Kovacs, Zoltan"]
[Black "Kundrak, Gabor"]
[Result "1/2-1/2"]
[WhiteElo "2162"]
[BlackElo "2201"]
[PlyCount "28"]
[EventDate "2005.10.16"]
[EventType "team"]
[EventRounds "11"]
[EventCountry "HUN"]
[SourceTitle "EXT 2009"]
[Source "ChessBase"]
[SourceDate "2008.11.26"]
[SourceVersion "1"]
[SourceVersionDate "2008.11.26"]
[SourceQuality "1"]
[WhiteTeam "Vizugy"]
[BlackTeam "Sarospatak"]
[WhiteTeamCountry "HUN"]
[BlackTeamCountry "HUN"]

1. e4 c5 2. c3 d6 3. d4 cxd4 4. cxd4 g6 5. Nc3 Bg7 6. Be3 Nf6 7. Qd2 Nc6 8. Rc1 Ng4 9. Nf3 Nxe3 10. fxe3 0-0 11. Bc4 Na5 12. Be2 Bd7 13. 0-0 Rc8 14. b3 a6 1/2-1/2

[Event "HUN-chT2 Maroczy 0506"]
[Site "Hungary"]
[Date "2005.11.13"]
[Round "3"]
[White "Kundrak, Gabor"]
[Black "Karolyfalvi, Zoltan"]
[Result "1/2-1/2"]
[WhiteElo "2201"]
[BlackElo "2182"]
[PlyCount "36"]
[EventDate "2005.10.16"]
[EventType "team"]
[EventRounds "11"]
[EventCountry "HUN"]
[SourceTitle "EXT 2009"]
[Source "ChessBase"]
[SourceDate "2008.11.26"]
[SourceVersion "1"]
[SourceVersionDate "2008.11.26"]
[SourceQuality "1"]
[WhiteTeam "Sarospatak"]
[BlackTeam "Kazincbarcika"]
[WhiteTeamCountry "HUN"]
[BlackTeamCountry "HUN"]

1. d4 d5 2. c4 c6 3. Nc3 e6 4. Nf3 Nf6 5. Bg5 Nbd7 6. e3 Be7 7. cxd5 exd5 8. Bd3 Ne4 9. Bxe7 Qxe7 10. 0-0 f5 11. Rb1 0-0 12. Qc2 Rf6 13. b4 Rh6 14. g3 Qf7 15. Be2 Ndf6 16. Ne5 Qe8 17. f4 Be6 18. Rb2 Nd7 1/2-1/2

[Event "Miskolc Avas op"]
[Site "Miskolc"]
[Date "2005.08.21"]
[Round "6"]
[White "Farkas, Daniel"]
[Black "Kundrak, Gabor"]
[Result "1/2-1/2"]
[WhiteElo "2048"]
[BlackElo "2209"]
[PlyCount "82"]
[EventDate "2005.08.18"]
[EventType "swiss"]
[EventRounds "7"]
[EventCountry "HUN"]
[SourceTitle "EXT 2008"]
[Source "ChessBase"]
[SourceDate "2007.11.25"]
[SourceVersion "1"]
[SourceVersionDate "2007.11.25"]
[SourceQuality "1"]

1. e4 c5 2. c3 g6 3. d4 b6 4. Nf3 Bb7 5. Bd3 Bg7 6. 0-0 Nf6 7. Re1 0-0 8. Bg5 h6 9. Bf4 d6 10. Qe2 cxd4 11. cxd4 Nc6 12. Qd2 g5 13. Be3 Ng4 14. Nc3 Nxe3 15. fxe3 e5 16. d5 Nb4 17. Ne2 a5 18. a3 Na6 19. Bxa6 Bxa6 20. g4 Qd7 21. h3 h5 22. Nh2 Qa4 23. Nc3 Qb3 24. Rac1 Rfc8 25. Qc2 Qxc2 26. Rxc2 h4 27. Nf3 Bf6 28. Rec1 Bd3 29. Rf2 Bd8 30. Rd1 Ba6 31. a4 Rc4 32. Nd2 Rc7 33. Kg2 Rb8 34. Nb3 Bc4 35. Nd2 Ba6 36. Nb3 Rc4 37. Nd2 Rcc8 38. Ndb1 b5 39. axb5 Bxb5 40. Nxb5 Rxb5 41. Nc3 Rb4 1/2-1/2

[Event "Miskolc Avas op"]
[Site "Miskolc"]
[Date "2005.08.20"]
[Round "4"]
[White "Balla, Tamas Kristof"]
[Black "Kundrak, Gabor"]
[Result "1-0"]
[WhiteElo "2348"]
[BlackElo "2209"]
[PlyCount "65"]
[EventDate "2005.08.18"]
[EventType "swiss"]
[EventRounds "7"]
[EventCountry "HUN"]
[SourceTitle "EXT 2008"]
[Source "ChessBase"]
[SourceDate "2007.11.25"]
[SourceVersion "1"]
[SourceVersionDate "2007.11.25"]
[SourceQuality "1"]

1. d4 d6 2. Nf3 Bg4 3. c4 Bxf3 4. gxf3 g6 5. e4 Bg7 6. Nc3 c6 7. Be3 Nd7 8. Qd2 Ngf6 9. Be2 0-0 10. h4 h5 11. f4 e5 12. fxe5 dxe5 13. d5 cxd5 14. cxd5 a6 15. f3 b5 16. Kf2 Rc8 17. Rac1 Nh7 18. Kg2 Nb6 19. b3 f5 20. a4 b4 21. Na2 a5 22. Qd3 fxe4 23. fxe4 Rxc1 24. Nxc1 Nc8 25. Qa6 Kh8 26. Nd3 Nd6 27. Nc5 Rf7 28. Ne6 Qb8 29. Rc1 Nf6 30. Bf3 Bf8 31. Rc6 Nfxe4 32. Bxe4 Nxe4 33. Rc8 1-0

[Event "Miskolc Avas op"]
[Site "Miskolc"]
[Date "2005.08.19"]
[Round "3"]
[White "Kundrak, Gabor"]
[Black "Adam, Zoltan"]
[Result "1-0"]
[WhiteElo "2209"]
[BlackElo "2042"]
[PlyCount "47"]
[EventDate "2005.08.18"]
[EventType "swiss"]
[EventRounds "7"]
[EventCountry "HUN"]
[SourceTitle "EXT 2008"]
[Source "ChessBase"]
[SourceDate "2007.11.25"]
[SourceVersion "1"]
[SourceVersionDate "2007.11.25"]
[SourceQuality "1"]

1. d4 d5 2. c4 c6 3. Nf3 Nf6 4. Nc3 e6 5. Bg5 Nbd7 6. e3 Qa5 7. Nd2 dxc4 8. Bxf6 Nxf6 9. Nxc4 Qc7 10. g3 Bd7 11. Bg2 c5 12. Qb3 cxd4 13. exd4 Bc6 14. Bxc6+ Qxc6 15. 0-0 Be7 16. Ne5 Qc8 17. Qa4+ Nd7 18. Rac1 Qd8 19. Nb5 Nb6 20. Nc7+ Kf8 21. Qb3 Rc8 22. Nxe6+ fxe6 23. Qxe6 Qe8 24. Rxc8 1-0

[Event "Miskolc Avas op"]
[Site "Miskolc"]
[Date "2005.08.18"]
[Round "1"]
[White "Kundrak, Gabor"]
[Black "Halmi, Bence"]
[Result "1/2-1/2"]
[WhiteElo "2209"]
[BlackElo "1875"]
[PlyCount "94"]
[EventDate "2005.08.18"]
[EventType "swiss"]
[EventRounds "7"]
[EventCountry "HUN"]
[SourceTitle "EXT 2008"]
[Source "ChessBase"]
[SourceDate "2007.11.25"]
[SourceVersion "1"]
[SourceVersionDate "2007.11.25"]
[SourceQuality "1"]

1. d4 d5 2. c4 e6 3. Nf3 Nf6 4. Nc3 Be7 5. Bg5 h6 6. Bh4 0-0 7. e3 b6 8. Be2 Bb7 9. Bxf6 Bxf6 10. cxd5 exd5 11. Qb3 c6 12. 0-0 Qd6 13. Rfd1 Qe7 14. a4 Nd7 15. a5 Rfd8 16. Rac1 b5 17. Na2 Rac8 18. Qd3 a6 19. b4 Nf8 20. Qd2 Ne6 21. Bd3 Nc7 22. Bb1 Ne8 23. Qc2 g6 24. Ne1 Nd6 25. Nd3 Nc4 26. Nc5 Bg7 27. Nc3 Qc7 28. Ne2 Bf8 29. h4 Bxc5 30. dxc5 Qe5 31. Nf4 Na3 32. Qd2 Nxb1 33. Rxb1 Rc7 34. Qc1 Bc8 35. Rd4 Bf5 36. Rb2 Re8 37. Qd1 Rce7 38. g4 Bc8 39. Qf3 Qf6 40. Qg3 Re4 41. Rbd2 g5 42. hxg5 hxg5 43. Nh5 Qg6 44. Qf3 Kf8 45. Nf6 Rxd4 46. Rxd4 Re6 47. Nh5 Re5 1/2-1/2

[Event "HUN-chT2 Maroczy 0405"]
[Site "Hungary"]
[Date "2005.04.24"]
[Round "11"]
[White "Okos, Alexander"]
[Black "Kundrak, Gabor"]
[Result "0-1"]
[WhiteElo "2124"]
[BlackElo "2166"]
[PlyCount "62"]
[EventDate "2004.09.26"]
[EventType "team"]
[EventRounds "11"]
[EventCountry "HUN"]
[SourceTitle "EXT 2008"]
[Source "ChessBase"]
[SourceDate "2007.11.25"]
[SourceVersion "1"]
[SourceVersionDate "2007.11.25"]
[SourceQuality "1"]
[WhiteTeam "Miskolc"]
[BlackTeam "Sarospatak"]
[WhiteTeamCountry "HUN"]
[BlackTeamCountry "HUN"]

1. e4 c5 2. Nc3 Nc6 3. g3 g6 4. Bg2 Bg7 5. d3 d6 6. Be3 h5 7. h4 Bg4 8. f3 Be6 9. Nge2 Qd7 10. d4 cxd4 11. Nxd4 Nxd4 12. Bxd4 Nf6 13. 0-0 0-0 14. Rf2 Rfc8 15. Bf1 Bc4 16. Ne2 e5 17. Be3 d5 18. Bg5 Qe6 19. b3 Ba6 20. Bxf6 Qxf6 21. exd5 e4 22. Rb1 e3 23. Rg2 b5 24. Nf4 Bh6 25. Nh3 b4 26. Bxa6 Qxa6 27. f4 Bg7 28. Ng5 Re8 29. d6 e2 30. Rxe2 Qxe2 31. d7 Qxd1+ 0-1

[Event "HUN-chT2 Maroczy 0405"]
[Site "Hungary"]
[Date "2004.09.26"]
[Round "1"]
[White "Kundrak, Gabor"]
[Black "Berczes, David"]
[Result "1/2-1/2"]
[WhiteElo "2166"]
[BlackElo "2351"]
[PlyCount "55"]
[EventDate "2004.09.26"]
[EventType "team"]
[EventRounds "11"]
[EventCountry "HUN"]
[SourceTitle "EXT 2008"]
[Source "ChessBase"]
[SourceDate "2007.11.25"]
[SourceVersion "1"]
[SourceVersionDate "2007.11.25"]
[SourceQuality "1"]
[WhiteTeam "Sarospatak"]
[BlackTeam "Lang"]
[WhiteTeamCountry "HUN"]
[BlackTeamCountry "HUN"]

1. d4 e6 2. c4 Bb4+ 3. Bd2 c5 4. Bxb4 cxb4 5. Nf3 Nf6 6. Nbd2 0-0 7. e4 d6 8. Bd3 e5 9. 0-0 Nfd7 10. a3 bxa3 11. Rxa3 Nc6 12. d5 Nb4 13. Bb1 Nc5 14. Nb3 Qc7 15. Qd2 Nxb3 16. Qxb4 Nc5 17. Qd2 Bg4 18. Qg5 Bxf3 19. Rxf3 a5 20. Rh3 f6 21. Qh4 h6 22. Bc2 Rab8 23. Bd1 b5 24. Qg4 Kh8 25. Qg6 Qe7 26. Bg4 Qe8 27. Qxe8 Rfxe8 28. cxb5 1/2-1/2

[Event "Eger Agria op"]
[Site "Eger"]
[Date "2004.07.23"]
[Round "7"]
[White "Blasko, Istvan"]
[Black "Kundrak, Gabor"]
[Result "1-0"]
[WhiteElo "2280"]
[BlackElo "2166"]
[PlyCount "103"]
[EventDate "2004.07.17"]
[EventType "swiss"]
[EventRounds "9"]
[EventCountry "HUN"]
[SourceTitle "EXT 2008"]
[Source "ChessBase"]
[SourceDate "2007.11.25"]
[SourceVersion "1"]
[SourceVersionDate "2007.11.25"]
[SourceQuality "1"]

1. d4 d5 2. c4 c6 3. Nf3 Nf6 4. e3 e6 5. Nbd2 a6 6. Bd3 Be7 7. 0-0 0-0 8. e4 dxe4 9. Nxe4 Nbd7 10. b3 Re8 11. Bb2 Nxe4 12. Bxe4 Bf6 13. Qe2 Qc7 14. Rfe1 Rb8 15. Rad1 b5 16. Qc2 bxc4 17. Bxh7+ Kh8 18. Re3 Nf8 19. Be4 cxb3 20. axb3 Bb7 21. Ne5 Bxe5 22. Rh3+ Kg8 23. Bh7+ Nxh7 24. Qxh7+ Kf8 25. dxe5 Red8 26. Rhd3 Rxd3 27. Rxd3 c5 28. Qh8+ Ke7 29. Qxg7 Rd8 30. Rxd8 Qxd8 31. h4 Qd1+ 32. Kh2 Qh5 33. Qg3 Kd7 34. Ba3 Kc6 35. Qf4 Kb6 36. b4 c4 37. Qxc4 Qxe5+ 38. f4 Qd5 39. Qc5+ Qxc5 40. bxc5+ Kc7 41. h5 Be4 42. g4 Kc6 43. Kg3 Kd7 44. f5 Ke7 45. Kf4 Bc6 46. h6 Kf8 47. fxe6 fxe6 48. Ke5 Kf7 49. g5 Bf3 50. h7 Kg7 51. g6 Bh5 52. c6 1-0

[Event "Eger Agria op"]
[Site "Eger"]
[Date "2004.07.21"]
[Round "5"]
[White "Kundrak, Gabor"]
[Black "Sardy, Peter"]
[Result "1/2-1/2"]
[WhiteElo "2166"]
[BlackElo "2313"]
[PlyCount "57"]
[EventDate "2004.07.17"]
[EventType "swiss"]
[EventRounds "9"]
[EventCountry "HUN"]
[SourceTitle "EXT 2008"]
[Source "ChessBase"]
[SourceDate "2007.11.25"]
[SourceVersion "1"]
[SourceVersionDate "2007.11.25"]
[SourceQuality "1"]

1. d4 e6 2. c4 f5 3. g3 Nf6 4. Bg2 Bb4+ 5. Bd2 Bxd2+ 6. Qxd2 d6 7. Nc3 0-0 8. Nh3 Qe7 9. 0-0-0 c6 10. Rhe1 d5 11. cxd5 cxd5 12. f3 b5 13. e4 b4 14. Na4 Na6 15. b3 Bd7 16. Qd3 Nc7 17. Nc5 Bb5 18. Qd2 Na6 19. Nxa6 Bxa6 20. exf5 Qc7+ 21. Kb2 exf5 22. Qxb4 Rab8 23. Qe7 Qa5 24. Qc5 Rb5 25. Qc3 Qb6 26. Nf4 Rc8 27. Qd2 Rb8 28. Re3 Bc8 29. Qc3 1/2-1/2

[Event "HUN-chT2 Maroczy 0304"]
[Site "Hungary"]
[Date "2004.04.18"]
[Round "11"]
[White "Kundrak, Gabor"]
[Black "Kocsis, Gyorgy"]
[Result "0-1"]
[WhiteElo "2211"]
[BlackElo "2281"]
[PlyCount "74"]
[EventDate "2003.09.28"]
[EventType "team"]
[EventRounds "11"]
[EventCountry "HUN"]
[SourceTitle "EXT 2005"]
[Source "ChessBase"]
[SourceDate "2004.11.15"]
[SourceVersion "1"]
[SourceVersionDate "2004.11.15"]
[SourceQuality "1"]

1. d4 g6 2. c4 Bg7 3. Nc3 d6 4. e4 a6 5. Be3 c6 6. Qd2 Nf6 7. f3 0-0 8. Bh6 b5 9. h4 b4 10. Nd1 Qa5 11. Ne2 Nbd7 12. Ng3 e5 13. Bxg7 Kxg7 14. Qg5 b3+ 15. Nc3 Nb6 16. h5 h6 17. Qd2 g5 18. Be2 Qb4 19. a3 Qa5 20. 0-0-0 Na4 21. Nxa4 Qxa4 22. dxe5 dxe5 23. Qc3 Re8 24. c5 Rb8 25. Rd6 Nd5 26. exd5 Qf4+ 27. Kb1 Qxg3 28. Rxc6 Qxg2 29. Re1 Bf5+ 30. Ka1 Qf2 31. Bc4 Qd4 32. Qxd4 exd4 33. Rxe8 Rxe8 34. Bxb3 Re1+ 35. Ka2 Bb1+ 36. Ka1 Bc2+ 37. Ka2 d3 0-1

[Event "Szombathely Savaria op 3rd"]
[Site "Szombathely"]
[Date "2003.07.26"]
[Round "8"]
[White "Csom, Etelka"]
[Black "Kundrak, Gabor"]
[Result "0-1"]
[WhiteElo "2124"]
[BlackElo "2211"]
[PlyCount "94"]
[EventDate "2003.07.19"]
[EventType "swiss"]
[EventRounds "9"]
[EventCountry "HUN"]
[SourceTitle "CBM 095 Extra"]
[Source "ChessBase"]
[SourceDate "2003.09.04"]
[SourceVersion "1"]
[SourceVersionDate "2003.09.04"]
[SourceQuality "1"]

1. e4 c5 2. Nc3 Nc6 3. g3 g6 4. Bg2 Bg7 5. d3 d6 6. Be3 h5 7. h3 Bd7 8. Nge2 Qc8 9. d4 cxd4 10. Nxd4 Ne5 11. Nd5 Nc4 12. Bc1 Nf6 13. b3 Nxd5 14. exd5 Qc5 15. c3 Nb6 16. Bb2 a5 17. Ne2 a4 18. Rc1 axb3 19. axb3 Ra2 20. Rc2 0-0 21. 0-0 Rfa8 22. Nc1 R2a7 23. c4 Bxb2 24. Rxb2 Ra1 25. Qe2 Nc8 26. Nd3 Qd4 27. Rxa1 Rxa1+ 28. Kh2 Bf5 29. Rd2 h4 30. Ne1 hxg3+ 31. fxg3 Qc3 32. Rd1 Ra3 33. g4 Bd7 34. Rd3 Qc1 35. Qe3 Qb2 36. Nf3 b5 37. Nd4 bxc4 38. bxc4 Ra2 39. Qf3 Nb6 40. Rc3 Ba4 41. Nb5 Nxc4 42. Rxc4 Bxb5 43. Rc8+ Kg7 44. Rb8 Qe5+ 45. Qg3 Qxd5 46. Qc3+ f6 47. Qg3 Bf1 0-1

[Event "Szombathely Savaria op 3rd"]
[Site "Szombathely"]
[Date "2003.07.20"]
[Round "2"]
[White "Butunoi, Alexandru Victor"]
[Black "Kundrak, Gabor"]
[Result "1-0"]
[WhiteElo "2412"]
[BlackElo "2211"]
[PlyCount "61"]
[EventDate "2003.07.19"]
[EventType "swiss"]
[EventRounds "9"]
[EventCountry "HUN"]
[SourceTitle "CBM 095 Extra"]
[Source "ChessBase"]
[SourceDate "2003.09.04"]
[SourceVersion "1"]
[SourceVersionDate "2003.09.04"]
[SourceQuality "1"]

1. e4 c5 2. Nf3 Nc6 3. d4 cxd4 4. Nxd4 Nf6 5. Nc3 e5 6. Ndb5 d6 7. Nd5 Nxd5 8. exd5 Ne7 9. c4 Nf5 10. Bd3 Be7 11. 0-0 0-0 12. b4 g6 13. a4 Ng7 14. a5 f5 15. c5 a6 16. Nxd6 Bxd6 17. cxd6 Qxd6 18. Qb3 e4 19. Be2 f4 20. f3 e3 21. b5 Qe5 22. Bb2 Qg5 23. d6+ Kh8 24. Kh1 Bd7 25. Rfc1 Rac8 26. Rc7 Rxc7 27. dxc7 Rc8 28. Rd1 Qf5 29. Qc3 Rg8 30. c8Q Bxc8 31. Qxg7+ 1-0

[Event "HUN-chT2 Maroczy 0203"]
[Site "Hungary"]
[Date "2003.01.19"]
[Round "5.4"]
[White "Besnyo, Marton"]
[Black "Kundrak, Gabor"]
[Result "1/2-1/2"]
[WhiteElo "2090"]
[BlackElo "2229"]
[PlyCount "36"]
[EventDate "2002.09.22"]
[EventType "team"]
[EventRounds "11"]
[EventCountry "HUN"]
[SourceTitle "EXT 2004"]
[Source "ChessBase"]
[SourceDate "2003.11.25"]
[SourceVersion "1"]
[SourceVersionDate "2003.11.25"]
[SourceQuality "1"]
[WhiteTeam "Heves"]
[BlackTeam "Sarospatak"]
[WhiteTeamCountry "HUN"]
[BlackTeamCountry "HUN"]

1. e4 c5 2. Nf3 Nc6 3. d4 cxd4 4. Nxd4 Nf6 5. Nc3 e5 6. Ndb5 d6 7. Bg5 Be7 8. Bxf6 gxf6 9. Nd5 0-0 10. Nxe7+ Qxe7 11. Qxd6 Qxd6 12. Nxd6 Nb4 13. Bd3 Rd8 14. Nb5 Nxd3+ 15. cxd3 Rxd3 16. Ke2 Rd8 17. Rhd1 Be6 18. Nc3 Rac8 1/2-1/2

[Event "HUN-chT2 Maroczy 0203"]
[Site "Hungary"]
[Date "2002.11.24"]
[Round "3.5"]
[White "Gara, Gyorgy"]
[Black "Kundrak, Gabor"]
[Result "1/2-1/2"]
[WhiteElo "2169"]
[BlackElo "2229"]
[PlyCount "57"]
[EventDate "2002.09.22"]
[EventType "team"]
[EventRounds "11"]
[EventCountry "HUN"]
[SourceTitle "EXT 2004"]
[Source "ChessBase"]
[SourceDate "2003.11.25"]
[SourceVersion "1"]
[SourceVersionDate "2003.11.25"]
[SourceQuality "1"]
[WhiteTeam "Matra"]
[BlackTeam "Sarospatak"]
[WhiteTeamCountry "HUN"]
[BlackTeamCountry "HUN"]

1. d4 Nf6 2. c3 d5 3. Bf4 e6 4. Nd2 Nbd7 5. e3 Be7 6. Bd3 c5 7. h3 0-0 8. Ngf3 a6 9. a4 Nh5 10. Bh2 g6 11. Ne5 Nxe5 12. dxe5 f5 13. exf6 Bxf6 14. Be2 Ng7 15. e4 b6 16. Bf3 Bb7 17. Qb3 Bg5 18. Rd1 b5 19. c4 Qe7 20. cxd5 exd5 21. 0-0 c4 22. Qc2 d4 23. Rfe1 Ne6 24. b3 c3 25. Nf1 Rad8 26. axb5 axb5 27. Be2 Bc6 28. Bd3 Bf4 29. g3 1/2-1/2

[Event "Miskolc Avas op 7th"]
[Site "Miskolc"]
[Date "2002.07.27"]
[Round "5"]
[White "Jurcisin, Imrich"]
[Black "Kundrak, Gabor"]
[Result "1/2-1/2"]
[WhiteElo "2112"]
[BlackElo "2229"]
[PlyCount "61"]
[EventDate "2002.07.??"]
[EventType "swiss"]
[EventRounds "7"]
[EventCountry "HUN"]
[SourceTitle "EXT 2004"]
[Source "ChessBase"]
[SourceDate "2003.11.25"]
[SourceVersion "1"]
[SourceVersionDate "2003.11.25"]
[SourceQuality "1"]

1. e4 c5 2. Nf3 Nc6 3. d4 cxd4 4. Nxd4 Nf6 5. Nc3 e5 6. Ndb5 d6 7. Nd5 Nxd5 8. exd5 Ne7 9. c4 Nf5 10. Bd3 Be7 11. 0-0 0-0 12. a3 g6 13. b4 a6 14. Nc3 Ng7 15. Be3 f5 16. f3 Bg5 17. Qd2 Bxe3+ 18. Qxe3 Nh5 19. c5 Nf4 20. Ne2 Nxd3 21. Qxd3 Bd7 22. a4 Qh4 23. c6 bxc6 24. dxc6 Bxc6 25. Qxd6 Rf6 26. Qxe5 Re8 27. Qf4 Qxf4 28. Nxf4 Rd6 29. Rfd1 Rxd1+ 30. Rxd1 Bxa4 31. Rd6 1/2-1/2

[Event "HUN-chT2 0102"]
[Site "Hungary"]
[Date "2002.02.10"]
[Round "7"]
[White "Kundrak, Gabor"]
[Black "Emodi, Gyula"]
[Result "0-1"]
[WhiteElo "2248"]
[BlackElo "2407"]
[PlyCount "84"]
[EventDate "2001.??.??"]
[EventType "team"]
[EventRounds "11"]
[EventCountry "HUN"]
[SourceTitle "EXT 2004"]
[Source "ChessBase"]
[SourceDate "2003.11.25"]
[SourceVersion "1"]
[SourceVersionDate "2003.11.25"]
[SourceQuality "1"]

1. d4 d5 2. c4 c6 3. Nf3 Nf6 4. Nc3 g6 5. Bf4 dxc4 6. a4 Nd5 7. Be5 f6 8. Bxb8 Rxb8 9. e4 Nxc3 10. bxc3 Qa5 11. Qc1 Bh6 12. Qb2 b5 13. Be2 Kf7 14. 0-0 Be6 15. d5 cxd5 16. Nd4 bxa4 17. Qc2 Bd7 18. exd5 Qxd5 19. Rfd1 Rhc8 20. Bf3 Qc5 21. Qe4 e5 22. Qh4 Kg7 23. Ne2 Rc7 24. Ng3 Bg5 25. Ne4 Bxh4 26. Nxc5 Bc8 27. Ne4 f5 28. Nd6 Bd7 29. Bd5 e4 30. Bxc4 Be7 31. Ba2 Rb2 32. c4 Bf6 33. Bb1 Kf8 34. Ra2 Ke7 35. Nb5 Rxc4 36. Rxb2 Bxb2 37. Nd6 Rc6 38. Nb7 Bc8 39. Nd8 Rd6 40. Rxd6 Kxd6 41. Kf1 Bf6 42. Nf7+ Ke7 0-1

[Event "HUN-chT2 0102"]
[Site "Hungary"]
[Date "2002.01.13"]
[Round "5"]
[White "Kundrak, Gabor"]
[Black "Jevtic, Miodrag"]
[Result "1/2-1/2"]
[WhiteElo "2248"]
[BlackElo "2366"]
[PlyCount "81"]
[EventDate "2001.??.??"]
[EventType "team"]
[EventRounds "11"]
[EventCountry "HUN"]
[SourceTitle "EXT 2004"]
[Source "ChessBase"]
[SourceDate "2003.11.25"]
[SourceVersion "1"]
[SourceVersionDate "2003.11.25"]
[SourceQuality "1"]

1. d4 Nf6 2. c4 g6 3. Nc3 d5 4. cxd5 Nxd5 5. e4 Nxc3 6. bxc3 Bg7 7. Bc4 0-0 8. Ne2 Nc6 9. 0-0 b6 10. Bf4 Bb7 11. Qd2 Na5 12. Bd3 c5 13. Bh6 cxd4 14. Bxg7 Kxg7 15. cxd4 Rc8 16. Rac1 Qd7 17. Qb2 Rxc1 18. Rxc1 Rc8 19. d5+ Kg8 20. Rxc8+ Qxc8 21. Qc3 Qd7 22. Qd4 Qd6 23. g3 a6 24. Nc3 e5 25. Qa4 Kg7 26. Qe8 b5 27. h4 Qc7 28. Ne2 h5 29. Kg2 Bc8 30. f4 exf4 31. gxf4 Bd7 32. Qe5+ Qxe5 33. fxe5 Nb7 34. Nd4 Nc5 35. Bc2 b4 36. Kf3 a5 37. Nb3 Nb7 38. Ke3 a4 39. Nd2 Bb5 40. Kd4 g5 41. hxg5 1/2-1/2

[Event "HUN-chT2 0102"]
[Site "Hungary"]
[Date "2001.12.02"]
[Round "4"]
[White "Kundrak, Gabor"]
[Black "Laihonen, Petteri"]
[Result "1/2-1/2"]
[WhiteElo "2248"]
[BlackElo "2266"]
[PlyCount "97"]
[EventDate "2001.??.??"]
[EventType "team"]
[EventRounds "11"]
[EventCountry "HUN"]
[SourceTitle "EXT 2004"]
[Source "ChessBase"]
[SourceDate "2003.11.25"]
[SourceVersion "1"]
[SourceVersionDate "2003.11.25"]
[SourceQuality "1"]

1. d4 Nf6 2. Nf3 b6 3. c4 e6 4. Nc3 Bb7 5. Bg5 Bb4 6. Nd2 h6 7. Bh4 c5 8. a3 cxd4 9. axb4 dxc3 10. bxc3 0-0 11. f3 d5 12. e3 Nc6 13. Be2 a5 14. b5 Ne5 15. 0-0 Ng6 16. Bg3 Rc8 17. Qc2 Nh5 18. Bf2 Nf6 19. Bg3 Nd7 20. e4 Nf6 21. Rad1 Qe7 22. exd5 exd5 23. Rfe1 Qc5+ 24. Bf2 Qc7 25. Qa4 Rfe8 26. c5 bxc5 27. Nb3 c4 28. Nxa5 Ra8 29. b6 Qc8 30. Qb5 Ra6 31. Bf1 Rxe1 32. Rxe1 Qa8 33. Nxb7 Qxb7 34. g3 Nd7 35. Bh3 Nf6 36. Bc8 Rxb6 37. Qxb6 Qxc8 38. Bd4 Qf5 39. Qd8+ Kh7 40. Re3 h5 41. Qd6 Qb1+ 42. Kf2 Qf5 43. Bxf6 gxf6 44. f4 Ne5 45. Re2 h4 46. Kg1 Qb1+ 47. Kg2 Qd3 48. Rxe5 fxe5 49. Qxe5 1/2-1/2